|
|
|
|
| LEADER |
00862nam a2200241 a 4500 |
| 001 |
GR-MES1619 |
| 008 |
991111s1990 nyu 000 b eng d |
| 020 |
|
|
|a 0745005594
|
| 040 |
|
|
|a GrPaTEI
|b gre
|c GR-PaULI
|
| 245 |
0 |
0 |
|a Conflict in economics.
|
| 260 |
|
|
|a New York :
|b Harvester,
|c 1990
|
| 300 |
|
|
|a 183σ.
|
| 500 |
|
|
|a bibliography:p(168-177)
|
| 650 |
|
4 |
|a Οικονομία
|
| 650 |
|
4 |
|a ΟΙΚΟΝΟΜΙΚΕΣ ΘΕΩΡΙΕΣ
|
| 650 |
|
4 |
|a ΟΙΚΟΝΟΜΙΚΟΣ ΑΝΤΑΓΩΝΙΣΜΟΣ
|
| 700 |
1 |
|
|a Varoufakis, Yanis
|
| 700 |
1 |
|
|a Young, David
|
| 710 |
0 |
|
|a Harvester
|
| 942 |
|
|
|2 ddc
|
| 952 |
|
|
|0 0
|1 0
|2 ddc
|4 0
|6 338_604000000000000_8_VAR
|7 0
|9 265856
|a MSLG
|b MSLG
|c BSC
|d 2021-01-17
|e 24
|f 1
|g 0.00
|l 0
|o 338.604 8 VAR
|p 2420000002703
|r 2021-12-20 00:00:00
|t 1
|w 2021-01-17
|y BK15
|x 19991111 0 1
|x GrPaTEI
|
| 971 |
|
|
|a .b25726626
|b 15-04-20
|c 13-09-16
|
| 999 |
|
|
|c 152844
|d 152844
|